000 01020nam a2200241Ia 4500
003 OSt
005 20220923221738.0
006 a|||||r|||| 00| 0
007 ta
008 220922b |||||||| |||| 00| 0 hin d
024 _a199,734
037 _cTextual
040 _aARTS
_cARTS
_bhin
041 _2hin
_ahin
082 _aQ22:223, 152K4.1
100 _aव्यास, कैतव; द्धैपायत, कृष्ण
_9165627
245 0 _aश्री मद्भगवत महापुराणम् सचित्र सरल हिंदी व्याख्या सहितम्
246 _aShrī madbhagavat hināpurāṇam sachitra saral hiandī vyākhyā sahitam
260 _c1986
490 _aखंड 1 प्रथम स्ंकंधादारभ्याष्टमस्कंधपर्यन्त
942 _hQ22:223, 152K4.1
_cTEXL
_2CC
999 _c351473
_d351473